| 000 | 01726nam a2200397 c 4500 | ||
|---|---|---|---|
| 003 | BLK | ||
| 005 | 20240622142705.0 | ||
| 008 | 180408b bul|||||r ||||||| ||bul|| | ||
| 010 | _aKNG00039466000 | ||
| 020 |
_a978-954-443-848-7 _bиздат.: Бълг. писател |
||
| 040 | _aBLK | ||
| 041 |
_aBUL _cBUL |
||
| 072 | 7 |
_2bullib _aН82 _xЛитературознание Н |
|
| 080 |
_aБългарска литература _b821.163.2 _x(092) _z821.163.2(092) |
||
| 080 |
_aБългарска литература _b821.163.2 _x.09 _z821.163.2.09 |
||
| 080 |
_aБългарски белетрист, драматург, публицист _b929 Хайтов, Николай Александров _x _z929 Хайтов, Николай Александров |
||
| 100 | 1 |
_aАлекова, Елена Георгиева _eпърви автор _9269307 |
|
| 139 |
_aАлекова, Елена Георгиева _bХ 21 |
||
| 245 | 1 | 0 |
_aСеячът на безсмъртие _bДуми за Николай Хайтов _cЕлена Георгиева Алекова. |
| 257 | _aBGR | ||
| 260 |
_аСофия _bБълг. писател _c2010 _fСофия : Инвестпрес |
||
| 300 |
_a224 с. _c17 см |
||
| 380 | _a82 | ||
| 500 | _aОфс. изд. | ||
| 650 | 0 |
_aПисатели, български - литературна критика _9246168 |
|
| 653 | _aНиколай Хайтов | ||
| 653 | _aтворчество | ||
| 653 | _aлитературна критика | ||
| 659 | _aН | ||
| 852 | _aЦб І 34222 | ||
| 856 | 4 |
_qpdf _u |
|
| 856 | 4 |
_qpdf _u |
|
| 942 |
_cKNG _n0 _01 |
||
| 944 |
_aCR _c13.12.2011 _lГеновева Генчева _k30560 |
||
| 944 |
_aED _c16.11.2012 _lф / _k |
||
| 999 |
_c36459 _d36459 |
||